[Event "II Festival Magistrale"]
[Site "Amantea ITA"]
[Date "1992.09.??"]
[Round "?"]
[White "Contin, Daniel"]
[Black "Forintos, Gyozo Victor"]
[Result "1-0"]
[WhiteElo "2340"]
[BlackElo "2465"]
[PlyCount "45"]
[EventDate "1992.09.20"]

1. c4 c5 2. Nc3 Nc6 3. g3 g6 4. Bg2 Bg7 5. e3 b6 6. Nge2 Bb7 7. d3 e6 8. O-O
Nge7 9. d4 cxd4 10. exd4 Na5 11. d5 Qc8 12. b3 exd5 13. Ba3 dxc4 14. Nb5 O-O
15. Nd6 Qc7 16. Nxb7 Nxb7 17. Bxe7 Rfe8 18. Nf4 Rab8 19. Bb4 a5 20. Nd5 Qd8 21.
Bc3 Bxc3 22. Nxc3 cxb3 23. Qxb3 1-0

[Event "II Festival Magistrale"]
[Site "Amantea ITA"]
[Date "1992.09.??"]
[Round "?"]
[White "Cvitan, Ognjen"]
[Black "Contin, Daniel"]
[WhiteElo "2550"]
[BlackElo "2340"]
[Result "1-0"]
[PlyCount "49"]
[EventDate "1992.09.20"]

1. d4 e6 2. c4 Nf6 3. Nf3 b6 4. e3 Bb7 5. Bd3 c5 6. O-O Be7 7. Nc3 cxd4 8. exd4
d5 9. cxd5 Nxd5 10. Ne5 O-O 11. Qg4 Nc6 12. Bh6 Bf6 13. Qe4 Re8 14. Qxh7+ Kf8
15. Nxd5 Qxd5 16. Be4 Qxd4 17. Rad1 Bxe5 18. Rxd4 Bxd4 19. Rd1 gxh6 20. Bxc6
Bxf2+ 21. Kxf2 Bxc6 22. Qxh6+ Ke7 23. Qg5+ Kf8 24. Rd4 Rac8 25. Rh4 1-0

[Event "II Festival Magistrale"]
[Site "Amantea ITA"]
[Date "1992.09.??"]
[Round "?"]
[White "Farago, Ivan"]
[Black "Kennaugh, Charles W."]
[Result "1-0"]
[WhiteElo "2510"]
[BlackElo "2320"]
[PlyCount "74"]
[EventDate "1992.09.20"]

1. d4 d5 2. c4 e6 3. Nc3 c5 4. cxd5 cxd4 5. Qxd4 Nc6 6. Qd1 exd5 7. Qxd5 Bd7 8.
Nf3 Nf6 9. Qd1 Bc5 10. e3 Qe7 11. Be2 O-O-O 12. O-O Kb8 13. a3 g5 14. b4 g4 15.
bxc5 gxf3 16. Bxf3 Ne5 17. Bd5 Rhg8 18. e4 Bh3 19. g3 Bxf1 20. Qxf1 Nxd5 21.
Nxd5 Qxc5 22. Bf4 Rxd5 23. exd5 Qxd5 24. Rd1 Qc5 25. Qd3 f6 26. Qxh7 Rc8 27.
Qg7 Ka8 28. Rc1 Nc4 29. Qxf6 b5 30. Be3 Qd5 31. Qe7 Qb7 32. Qe6 Rd8 33. Bg5 Rb8
34. a4 Na5 35. Bf4 Rd8 36. axb5 Qxb5 37. Rc8+ Kb7 1-0

[Event "II Festival Magistrale"]
[Site "Amantea ITA"]
[Date "1992.09.??"]
[Round "?"]
[White "Forintos, Gyozo Victor"]
[Black "Cvitan, Ognjen"]
[Result "1-0"]
[WhiteElo "2465"]
[BlackElo "2550"]
[PlyCount "87"]
[EventDate "1992.09.20"]

1. d4 Nf6 2. c4 g6 3. Nc3 Bg7 4. e4 d6 5. Nge2 O-O 6. Ng3 e5 7. d5 a5 8. Be2
Na6 9. h4 Nc5 10. Bg5 c6 11. Qd2 cxd5 12. cxd5 a4 13. h5 Qa5 14. O-O a3 15. h6
Bh8 16. bxa3 Bd7 17. Rab1 Rfc8 18. Rb4 Qxa3 19. Rfb1 Ne8 20. Be3 Bf6 21. Bxc5
Rxc5 22. R1b3 Qa5 23. Rxb7 Qd8 24. Nf1 Nc7 25. Qb2 Rc8 26. Rb8 Ne8 27. Rxc8
Rxc8 28. Ba6 Rc7 29. Rb8 Qe7 30. Bb7 Bg5 31. a4 Rc5 32. Bc6 Bxh6 33. a5 Kg7 34.
Rb7 Nf6 35. a6 Ng4 36. Bxd7 Qh4 37. Bxg4 Qxg4 38. a7 Ra5 39. Qb6 Ra1 40. Qxd6
Bf4 41. Qe7 Bh2+ 42. Kxh2 Qf4+ 43. Kh3 h5 44. Qxf7+ 1-0

[Event "II Festival Magistrale"]
[Site "Amantea ITA"]
[Date "1992.09.??"]
[Round "?"]
[White "Giorgadze, Giorgi"]
[Black "Godena, Michele"]
[Result "1-0"]
[WhiteElo "2525"]
[BlackElo "2435"]
[PlyCount "63"]
[EventDate "1992.09.20"]

1. Nf3 d5 2. g3 c6 3. Bg2 Bg4 4. b3 Nd7 5. Bb2 e6 6. O-O Ngf6 7. d3 Be7 8. Nbd2
Qc7 9. e4 O-O 10. Qe2 dxe4 11. dxe4 e5 12. h3 Bh5 13. Nc4 b5 14. Ne3 Rfe8 15.
Nf5 Bc5 16. a4 a6 17. Rfd1 Nf8 18. Qe1 b4 19. a5 Bxf3 20. Bxf3 Ne6 21. Kg2 Rab8
22. Be2 Nxe4 23. Bxa6 Nxf2 24. Bxe5 Qa7 25. Bxb8 Qxa6 26. Qf1 Qa8 27. Be5 Nxd1
28. Qxd1 Qa6 29. Qg4 h5 30. Qxh5 Ba7 31. Rf1 Qb5 32. Nh6+ 1-0

[Event "II Festival Magistrale"]
[Site "Amantea ITA"]
[Date "1992.09.??"]
[Round "?"]
[White "Kosten, Anthony C."]
[Black "Farago, Ivan"]
[Result "1-0"]
[WhiteElo "2515"]
[BlackElo "2510"]
[PlyCount "71"]
[EventDate "1992.09.20"]

1. c4 Nf6 2. Nc3 e5 3. Nf3 Nc6 4. e4 Bb4 5. d3 d6 6. g3 Bc5 7. Bg2 Nd4 8. Nxd4
Bxd4 9. h3 Be6 10. f4 c6 11. Ne2 Bc5 12. Bf3 Qb6 13. Kf1 Be3 14. Kg2 exf4 15.
gxf4 Bxc1 16. Qxc1 d5 17. f5 dxe4 18. dxe4 Bd7 19. e5 Ng8 20. c5 Qc7 21. e6
fxe6 22. fxe6 Bxe6 23. Nd4 Bd7 24. Qg5 Nf6 25. Rae1+ Kf8 26. Rhf1 h5 27. Bd5
Rh6 28. Qxh6 gxh6 29. Rxf6+ Kg7 30. Rf7+ Kg6 31. Bb3 Qa5 32. Nf3 Re8 33. Rxe8
Bxe8 34. Ne5+ Kg5 35. h4+ Kxh4 36. Nf3+ 1-0

[Event "II Festival Magistrale"]
[Site "Amantea ITA"]
[Date "1992.09.??"]
[Round "?"]
[White "Medancic, Rikard"]
[Black "Belotti, Bruno"]
[Result "0-1"]
[WhiteElo "2325"]
[BlackElo "2405"]
[PlyCount "56"]
[EventDate "1992.09.20"]

1. d4 Nf6 2. c4 c5 3. d5 b5 4. Nd2 bxc4 5. e4 d6 6. Bxc4 g6 7. b3 Bg7 8. Bb2
O-O 9. Ne2 e6 10. dxe6 fxe6 11. Qc2 Nc6 12. e5 Ng4 13. exd6 Nb4 14. Qb1 Bxb2
15. Qxb2 Qxd6 16. Ne4 Qd3 17. Bxd3 Nxd3+ 18. Kd2 Nxb2 19. f3 Ne5 20. Nxc5 Nbd3
21. Ne4 Ba6 22. Nd4 Nf4 23. Nc5 Rad8 24. Kc3 Rc8 25. Kb4 Nd5+ 26. Ka5 Rxc5+ 27.
Kxa6 Rb8 28. Rhc1 Rb6+ 0-1

[Event "II Festival Magistrale"]
[Site "Amantea ITA"]
[Date "1992.09.??"]
[Round "?"]
[White "Norwood, David R."]
[Black "Godena, Michele"]
[Result "0-1"]
[WhiteElo "2510"]
[BlackElo "2435"]
[PlyCount "78"]
[EventDate "1992.09.20"]

1. g3 d5 2. Bg2 e5 3. c4 dxc4 4. Qa4+ c6 5. Qxc4 Be6 6. Qc2 f5 7. d3 Nf6 8. Nf3
Nbd7 9. O-O h6 10. Nbd2 Bd6 11. b3 O-O 12. Bb2 Bc7 13. Nc4 Qb8 14. Rac1 a5 15.
Rfe1 Ra6 16. e4 fxe4 17. dxe4 a4 18. bxa4 b5 19. axb5 cxb5 20. Ne3 Rxa2 21. Nd5
Bb6 22. Re2 Bxd5 23. exd5 e4 24. Nh4 Nc5 25. Nf5 Rxb2 26. Qxb2 Nd3 27. Ne7+ Kf7
28. Bxe4 Nxe4 29. Qc2 Ndxf2 30. Kg2 Qe5 31. Rce1 Kxe7 32. Qc6 Rf6 33. Qb7+ Kf8
34. Ra2 Kg8 35. Ra8+ Kh7 36. Qc8 Nd3 37. Qg8+ Kg6 38. Re2 Ne1+ 39. Rxe1 Rf2+
0-1

[Event "II Festival Magistrale"]
[Site "Amantea ITA"]
[Date "1992.09.??"]
[Round "?"]
[White "Norwood, David R."]
[Black "Levitt, Jonathan Paul"]
[Result "1-0"]
[WhiteElo "2510"]
[BlackElo "2455"]
[PlyCount "73"]
[EventDate "1992.09.20"]

1. g3 d5 2. Bg2 Nf6 3. Nf3 c6 4. O-O Bf5 5. d3 e6 6. Nbd2 Be7 7. b3 h6 8. Bb2
O-O 9. e3 a5 10. a4 Bh7 11. Qe2 Na6 12. e4 Nb4 13. Ne1 b5 14. f4 bxa4 15. Rxa4
Nd7 16. Kh1 Nc5 17. Ra1 f5 18. exd5 exd5 19. c3 Nba6 20. Nef3 Bf6 21. d4 Ne4
22. Ne5 Qc7 23. b4 Nxd2 24. Qxd2 axb4 25. cxb4 Qb7 26. Rfc1 Bxe5 27. dxe5 Nxb4
28. e6 Bg6 29. Bd4 Rfb8 30. Rxa8 Qxa8 31. Ra1 Na6 32. Bf1 c5 33. Rxa6 Qb7 34.
Bxc5 Qb1 35. Qd3 Qc1 36. Be3 Qe1 37. Kg1 1-0

[Event "II Festival Magistrale"]
[Site "Amantea ITA"]
[Date "1992.09.??"]
[Round "?"]
[White "Palac, Mladen"]
[Black "Belotti, Bruno"]
[Result "1-0"]
[WhiteElo "2505"]
[BlackElo "2405"]
[PlyCount "49"]
[EventDate "1992.09.20"]

1. e4 c5 2. Nf3 d6 3. d4 cxd4 4. Nxd4 Nf6 5. Nc3 a6 6. f4 e6 7. Be2 Qc7 8. O-O
b5 9. Bf3 Bb7 10. e5 dxe5 11. fxe5 Nfd7 12. Bxb7 Qxb7 13. Qh5 g6 14. Qh4 Be7
15. Bg5 Bxg5 16. Qxg5 Qb6 17. Qf4 O-O 18. Kh1 Nc6 19. Nxc6 Qxc6 20. Ne4 Qc7 21.
Rad1 Rad8 22. Rd6 Kg7 23. Rfd1 f5 24. Ng5 Nc5 25. Qd4 1-0

[Event "II Festival Magistrale"]
[Site "Amantea ITA"]
[Date "1992.09.??"]
[Round "?"]
[White "Palac, Mladen"]
[Black "Kosten, Anthony C."]
[Result "1/2-1/2"]
[WhiteElo "2505"]
[BlackElo "2515"]
[PlyCount "49"]
[EventDate "1992.09.20"]

1. e4 e5 2. Nf3 d6 3. d4 Nf6 4. dxe5 Nxe4 5. Qd5 Nc5 6. Bg5 Qd7 7. exd6 Bxd6 8.
Nc3 O-O 9. O-O-O Nc6 10. Bb5 a6 11. Bxc6 bxc6 12. Qd2 Rb8 13. Rhe1 Qg4 14. Nd4
Nd3+ 15. Qxd3 Qxg5+ 16. Kb1 Qc5 17. Ne4 Qb6 18. Qb3 Bb4 19. c3 c5 20. cxb4 cxd4
21. Qd5 Qxb4 22. Qxd4 Bf5 23. Ka1 Qxd4 24. Rxd4 Rfe8 25. f3 1/2-1/2

[Event "II Festival Magistrale"]
[Site "Amantea ITA"]
[Date "1992.09.??"]
[Round "?"]
[White "Rashkovsky, Nukhim N."]
[Black "Norwood, David R."]
[Result "1-0"]
[WhiteElo "2530"]
[BlackElo "2510"]
[PlyCount "78"]
[EventDate "1992.09.20"]

1. d4 d6 2. Nf3 Bg4 3. Nbd2 Nd7 4. e4 e5 5. c3 Ngf6 6. Qb3 Rb8 7. Bc4 Bh5 8.
O-O Be7 9. Re1 O-O 10. a4 c6 11. Bf1 Re8 12. Qc2 Qc7 13. dxe5 dxe5 14. Nh4 Ng4
15. Nf5 Bc5 16. Re2 Ndf6 17. h3 Nxf2 18. Rxf2 Qb6 19. Nc4 Bxf2+ 20. Kh1 Qd8 21.
Qxf2 Nxe4 22. Qe1 Qd1 23. Qxd1 Bxd1 24. Be3 Bc2 25. a5 a6 26. Bb6 g6 27. Nfe3
Bd3 28. Bxd3 Nf2+ 29. Kg1 Nxd3 30. Bc7 Rbc8 31. Nd6 Re7 32. Nxc8 Rxc7 33. Nd6
Nxb2 34. Rb1 Rd7 35. Rxb2 Rxd6 36. Rxb7 Rd3 37. Ng4 Rxc3 38. Nxe5 Rc1+ 39. Kh2
f5 1-0

[Event "II Festival Magistrale"]
[Site "Amantea ITA"]
[Date "1992.09.??"]
[Round "?"]
[White "Sarno, Spartaco"]
[Black "Norwood, David R."]
[WhiteElo "2430"]
[BlackElo "2510"]
[Result "0-1"]
[PlyCount "120"]
[EventDate "1992.09.20"]

1. d4 d6 2. c4 e5 3. Nf3 e4 4. Ng5 f5 5. Nc3 Be7 6. Nh3 Nf6 7. e3 O-O 8. Nf4 c6
9. h4 Na6 10. g3 Nc7 11. d5 c5 12. Be2 a6 13. a4 Nd7 14. Bd2 Bf6 15. Kf1 Rb8
16. Kg2 Ne5 17. Qc2 Bd7 18. Rab1 b6 19. b4 cxb4 20. Rxb4 a5 21. Rbb1 Qe7 22.
Qa2 Na6 23. Nb5 Ng6 24. Nh3 Nc5 25. Qa3 Ne5 26. Nf4 g6 27. Rhd1 Rfc8 28. Bc3
Bxb5 29. Rxb5 Ned7 30. Bd4 Re8 31. Rdb1 Rbc8 32. Kf1 Be5 33. Bxc5 dxc5 34. d6
Qxd6 35. Rd1 Qc6 36. Nd5 Rb8 37. Qb3 Re6 38. Kg2 Kf7 39. Rb1 Rd6 40. f4 Bf6 41.
h5 Bd8 42. hxg6+ hxg6 43. Rh1 Nf6 44. Qc3 Qe8 45. g4 fxg4 46. Bxg4 Nxg4 47.
Rh7+ Ke6 48. f5+ Kxf5 49. Rb1 Rd7 50. Rf1+ Kg5 51. Rhh1 Rbb7 52. Qe1 Rh7 53.
Qg3 Qe5 54. Qxe5+ Nxe5 55. Rxh7 Rxh7 56. Rf8 Be7 57. Rf4 Bd6 58. Rxe4 Ng4 59.
Re6 Rh2+ 60. Kg1 Bg3 0-1

[Event "II Festival Magistrale"]
[Site "Amantea ITA"]
[Date "1992.09.??"]
[Round "?"]
[White "Tiviakov, Sergei"]
[Black "Contin, Daniel"]
[Result "1-0"]
[WhiteElo "2585"]
[BlackElo "2340"]
[PlyCount "77"]
[EventDate "1992.09.20"]

1. e4 e6 2. d4 d5 3. Nd2 c5 4. exd5 exd5 5. Ngf3 a6 6. Be2 Nf6 7. O-O cxd4 8.
Nb3 Nc6 9. Nbxd4 Bc5 10. c3 O-O 11. Be3 Qd6 12. Nc2 Re8 13. Bxc5 Qxc5 14. Nfd4
Ne5 15. Ne3 Bd7 16. Nb3 Qe7 17. Qd4 Bc6 18. Rad1 Bb5 19. Bxb5 axb5 20. Nxd5
Nxd5 21. Qxd5 Rxa2 22. Rfe1 g5 23. Nc5 Raa8 24. Nxb7 Ra6 25. Re3 Rb6 26. Nd6
Rxd6 27. Qxd6 Qxd6 28. Rxd6 Ra8 29. Re1 Nc4 30. Rd5 Nxb2 31. Rxg5+ Kf8 32. Rxb5
Nd3 33. Rd1 Ra3 34. c4 Rc3 35. g3 Ke7 36. Rh5 Ke6 37. Rxh7 Ne5 38. Re1 Kf6 39.
Rxe5 1-0

[Event "II Festival Magistrale"]
[Site "Amantea ITA"]
[Date "1992.09.??"]
[Round "3"]
[White "Cvitan, Ognjen"]
[Black "Laketic, Gojko"]
[WhiteElo "2550"]
[BlackElo "2450"]
[Result "1-0"]
[PlyCount "53"]
[EventDate "1992.09.20"]

1. d4 e6 2. Nf3 c5 3. e4 cxd4 4. Nxd4 a6 5. Bd3 Nf6 6. O-O Qc7 7. Qe2 d6 8. c4
Nc6 9. Nxc6 bxc6 10. Nc3 Nd7 11. f4 Be7 12. Be3 e5 13. f5 a5 14. b3 Qb8 15. Na4
Nc5 16. Nxc5 dxc5 17. a4 Ra7 18. Bc2 Rd7 19. Qg4 Kf8 20. f6 Bxf6 21. Rxf6 gxf6
22. Bxc5+ Re7 23. Qh4 Qc7 24. Qxf6 Rg8 25. Rd1 Ke8 26. Bxe7 Qxe7 27. Qxc6+ 1-0

[Event "II Festival Magistrale"]
[Site "Amantea ITA"]
[Date "1992.09.??"]
[Round "3"]
[White "Levitt, Jonathan Paul"]
[Black "Giorgadze, Giorgi"]
[WhiteElo "2455"]
[BlackElo "2525"]
[Result "1/2-1/2"]
[PlyCount "52"]
[EventDate "1992.09.20"]

1. d4 d5 2. Nf3 Nf6 3. c4 e6 4. Nc3 Bb4 5. Bg5 Nbd7 6. e3 c5 7. cxd5 exd5 8.
Be2 Qa5 9. O-O Bxc3 10. bxc3 c4 11. Qc2 O-O 12. Nd2 h6 13. Bh4 Re8 14. a4 Ne4
15. Nxe4 Rxe4 16. Bg3 Re6 17. Rfb1 Rb6 18. Rc1 Ra6 19. e4 Nb6 20. exd5 Qxd5 21.
Bf3 Qd8 22. Re1 Ra5 23. Qe2 Qf8 24. Bc7 Bd7 25. Bxb7 Re8 26. Qf3 Rxa4 1/2-1/2

[Event "II Festival Magistrale"]
[Site "Amantea ITA"]
[Date "1992.09.??"]
[Round "3"]
[White "Malaniuk, Vladimir P."]
[Black "Dizdar, Goran"]
[Result "1/2-1/2"]
[WhiteElo "2540"]
[BlackElo "2450"]
[PlyCount "133"]
[EventDate "1992.09.20"]

1. d4 e6 2. Nf3 Nf6 3. e3 b6 4. Bd3 Bb7 5. O-O d5 6. c4 Bd6 7. Nc3 Nbd7 8. b3
O-O 9. Bb2 a6 10. Rc1 Qe7 11. Ne2 dxc4 12. Bxc4 Rfd8 13. Ng3 c5 14. Be2 Rac8
15. Rc2 cxd4 16. Nxd4 Rxc2 17. Qxc2 Rc8 18. Qb1 Ba3 19. Rc1 Rxc1+ 20. Qxc1 Bxb2
21. Qxb2 Qb4 22. Kf1 h6 23. a3 Qd6 24. b4 Qc7 25. f3 Nd5 26. Kf2 N7f6 27. Bd3
Kf8 28. Qd2 Qe5 29. h3 Qc7 30. Ne4 Nd7 31. Be2 N5f6 32. Ng3 Ne5 33. Qb2 Ned7
34. Nf1 Nd5 35. Nd2 N7f6 36. Bd3 Qc3 37. Qxc3 Nxc3 38. Nc4 b5 39. Na5 Bc8 40.
e4 Na4 41. Ke3 g5 42. Ndc6 Bd7 43. Nb8 Bc8 44. Kd4 Nh5 45. Bc2 Nf4 46. Bxa4
bxa4 47. Nc4 Nxg2 48. Nd6 e5+ 49. Kxe5 Bxh3 50. Nxa6 Ne1 51. b5 Nxf3+ 52. Kf6
Bf1 53. Nb4 Bxb5 54. Nxb5 g4 55. Nd5 g3 56. Nf4 h5 57. Nc3 h4 58. Nce2 Nd2 59.
Kf5 Nc4 60. Kg4 Nxa3 61. Nc3 Nc4 62. Nxa4 Nd6 63. e5 Nc4 64. Kf5 Ne3+ 65. Kg5
g2 66. Nh3 Nd1 67. Kxh4 1/2-1/2

[Event "II Festival Magistrale"]
[Site "Amantea ITA"]
[Date "1992.09.??"]
[Round "3"]
[White "Pein, Malcolm"]
[Black "Bellia, Fabrizio"]
[Result "1/2-1/2"]
[WhiteElo "2445"]
[BlackElo "2310"]
[PlyCount "133"]
[EventDate "1992.09.20"]

1. d4 Nf6 2. c4 g6 3. Nc3 Bg7 4. e4 O-O 5. Bg5 d6 6. Qd2 Nbd7 7. Bd3 c5 8. d5
Ne5 9. Be2 b5 10. cxb5 a6 11. f4 Ned7 12. Nf3 axb5 13. Bxb5 Ba6 14. Bxa6 Rxa6
15. O-O Ne8 16. Rfe1 f6 17. Bh4 Nc7 18. f5 g5 19. Bg3 g4 20. Nh4 Qe8 21. Qe2
Qh5 22. h3 Ne5 23. Bxe5 dxe5 24. Qxg4 Qxg4 25. hxg4 Rb8 26. Re2 Bh6 27. Nf3 Ne8
28. Kf2 Nd6 29. Ne1 c4 30. Rb1 Rab6 31. Rc2 Rb4 32. Nf3 Kf7 33. g3 Kg7 34. Nd2
Kh8 35. Kf3 Kg7 36. Nf1 Bg5 37. Ne3 Kf7 38. Ned1 Kg7 39. Nf2 Bh6 40. Nfd1 Bg5
41. Rh2 Kg8 42. Ne3 Kg7 43. Rbh1 Rh8 44. Rc2 Rhb8 45. Rhh2 Kh8 46. Ned1 Kg7 47.
Rhe2 Bh6 48. Nf2 Kh8 49. Nh3 Kg7 50. Rh2 R8b7 51. Rhe2 Rb8 52. Ng1 Kf7 53. Rh2
Kg7 54. Rhe2 Kf7 55. Kg2 Rg8 56. Kh3 Rb6 57. Nf3 Rb4 58. Kh4 Rb7 59. Re1 Rb4
60. Rce2 Rb6 61. Ra1 Rb4 62. a4 Nb7 63. Rd1 Nd6 64. Ra1 Bg5+ 65. Kh3 Ra8 66. a5
h6 67. Nxg5+ 1/2-1/2

[Event "II Festival Magistrale"]
[Site "Amantea ITA"]
[Date "1992.09.??"]
[Round "4"]
[White "Contin, Daniel"]
[Black "Rashkovsky, Nukhim N."]
[WhiteElo "2340"]
[BlackElo "2530"]
[Result "0-1"]
[PlyCount "140"]
[EventDate "1992.09.20"]

1. c4 e6 2. Nf3 Nf6 3. g3 a6 4. Bg2 b5 5. b3 Bb7 6. O-O Be7 7. Bb2 O-O 8. Qc2
h6 9. Rd1 c5 10. Nc3 bxc4 11. bxc4 Nc6 12. Rab1 Rc8 13. a3 Rc7 14. Ba1 d5 15.
cxd5 exd5 16. Qa4 d4 17. Rxb7 Rxb7 18. Qxc6 Rb6 19. Qa4 dxc3 20. Bxc3 Qd7 21.
Qc2 Qe6 22. a4 Rfb8 23. a5 Qb3 24. Qxb3 Rxb3 25. Ne5 Rb1 26. Rf1 Rxf1+ 27. Bxf1
Rb1 28. Nc6 Kf8 29. Kg2 Ne4 30. e3 Nxc3 31. dxc3 Bf6 32. Bxa6 Bxc3 33. Bc8 Ra1
34. a6 Ba5 35. Kf3 Bb6 36. Ke4 Ra2 37. f4 Rxh2 38. Bb7 Ra2 39. Ne5 Ke7 40. Kd5
f6 41. Nc4 Ba7 42. Kc6 Kd8 43. e4 Rg2 44. Ba8 Rc2 45. Ne3 Rb2 46. Nc4 Rc2 47.
Ne3 Re2 48. Nd5 c4 49. Kb5 Rxe4 50. Nb4 Re8 51. Kxc4 Kc7 52. Bb7 Re1 53. Nd5+
Kd7 54. Nc3 Rg1 55. Ne2 Ra1 56. Nc3 h5 57. Kd5 Ra5+ 58. Ke4 f5+ 59. Kd3 Bf2 60.
Ke2 Bxg3 61. Nb5 Rxb5 62. a7 Ra5 63. a8=Q Rxa8 64. Bxa8 Bxf4 65. Bd5 Ke7 66.
Kf3 g5 67. Bb3 Bc7 68. Kg2 Kf6 69. Bd1 g4 70. Ba4 h4 0-1

[Event "II Festival Magistrale"]
[Site "Amantea ITA"]
[Date "1992.09.??"]
[Round "4"]
[White "Dizdar, Goran"]
[Black "Belotti, Bruno"]
[Result "1/2-1/2"]
[WhiteElo "2450"]
[BlackElo "2405"]
[PlyCount "51"]
[EventDate "1992.09.20"]

1. Nf3 Nf6 2. g3 g6 3. b3 Bg7 4. Bb2 O-O 5. Bg2 c5 6. c4 Nc6 7. O-O d6 8. Nc3
a6 9. d4 cxd4 10. Nxd4 Nxd4 11. Qxd4 Rb8 12. Rfd1 Be6 13. Nd5 Bxd5 14. Bxd5 Ne8
15. Qd2 Bxb2 16. Qxb2 Qb6 17. Rd4 Nf6 18. Bf3 Rfc8 19. Rad1 Qd8 20. b4 Qf8 21.
Qa3 e6 22. Qb3 Ne8 23. e3 b5 24. cxb5 axb5 25. a3 Qe7 26. Be2 1/2-1/2

[Event "II Festival Magistrale"]
[Site "Amantea ITA"]
[Date "1992.09.??"]
[Round "4"]
[White "Malaniuk, Vladimir P."]
[Black "Levitt, Jonathan Paul"]
[WhiteElo "2540"]
[BlackElo "2455"]
[Result "1/2-1/2"]
[PlyCount "63"]
[EventDate "1992.09.20"]

1. d4 d5 2. c4 c6 3. Nf3 Nf6 4. e3 a6 5. Nc3 b5 6. b3 Bg4 7. Be2 e6 8. h3 Bh5
9. g4 Bg6 10. Ne5 Nfd7 11. Nxg6 hxg6 12. Qc2 Be7 13. Bd2 Bh4 14. cxd5 cxd5 15.
a4 b4 16. Nd1 a5 17. Rc1 Nf6 18. Bb5+ Nbd7 19. Qc7 Qxc7 20. Rxc7 Kd8 21. Rc6
Ke7 22. Ke2 Rhc8 23. f3 Rxc6 24. Bxc6 Rc8 25. Bb5 e5 26. Nb2 Rc2 27. Rb1 e4 28.
f4 Ne8 29. Nd1 Nc7 30. Bxd7 Kxd7 31. Rb2 Rc6 32. Rb1 1/2-1/2

[Event "II Festival Magistrale"]
[Site "Amantea ITA"]
[Date "1992.09.??"]
[Round "4"]
[White "Mantovani, Renzo"]
[Black "Pein, Malcolm"]
[Result "1-0"]
[WhiteElo "2340"]
[BlackElo "2445"]
[PlyCount "66"]
[EventDate "1992.09.20"]

1. c4 e5 2. Nc3 Nc6 3. Nf3 g6 4. g3 Bg7 5. Bg2 d6 6. d4 Nxd4 7. Nxd4 exd4 8.
Nb5 c5 9. Qa4 Kf8 10. Qa3 Ne7 11. Bf4 Nf5 12. e4 dxe3 13. O-O-O Kg8 14. fxe3
Be6 15. Nxd6 Nxd6 16. Rxd6 Qe7 17. Rd2 Bxc4 18. Rhd1 Bb5 19. Qa5 Be8 20. Qc7
Qe6 21. Bd5 Rc8 22. Qxb7 Qf5 23. g4 Qxg4 24. Bxf7+ Bxf7 25. Qxc8+ Qxc8 26. Rd8+
Qxd8 27. Rxd8+ Be8 28. Rxe8+ Kf7 29. Re4 Re8 30. Rc4 Bf8 31. Kc2 Ke6 32. Re4+
Kd7 33. Ra4 Ra8 1-0

[Event "II Festival Magistrale"]
[Site "Amantea ITA"]
[Date "1992.09.??"]
[Round "4"]
[White "Tiviakov, Sergei"]
[Black "Cvitan, Ognjen"]
[WhiteElo "2585"]
[BlackElo "2550"]
[Result "1/2-1/2"]
[PlyCount "49"]
[EventDate "1992.09.20"]

1. e4 c5 2. Nf3 e6 3. d4 cxd4 4. Nxd4 Nf6 5. Nc3 d6 6. Be2 a6 7. a4 Nc6 8. O-O
Be7 9. Be3 O-O 10. f4 Qc7 11. Kh1 Re8 12. Bf3 Rb8 13. g4 Nxd4 14. Bxd4 e5 15.
fxe5 dxe5 16. Ba7 Ra8 17. g5 Rxa7 18. gxf6 Bxf6 19. Nd5 Qd8 20. Nxf6+ gxf6 21.
Qe1 b6 22. Qe3 f5 23. Qh6 f6 24. exf5 Kh8 25. Rad1 1/2-1/2

[Event "II Festival Magistrale"]
[Site "Amantea ITA"]
[Date "1992.09.??"]
[Round "5"]
[White "Fedorov, Vladislav"]
[Black "Medancic, Rikard"]
[Result "0-1"]
[WhiteElo "2405"]
[BlackElo "2325"]
[PlyCount "106"]
[EventDate "1992.09.20"]

1. e4 e5 2. Nf3 Nc6 3. Bb5 a6 4. Ba4 d6 5. Bxc6+ bxc6 6. d4 f6 7. Be3 Ne7 8.
Nbd2 exd4 9. Nxd4 c5 10. Ne2 g6 11. h4 h5 12. c3 Be6 13. Nf4 Bf7 14. Qf3 Bg7
15. Nd5 Bxd5 16. exd5 Qc8 17. O-O-O Rb8 18. Rhe1 Qg4 19. Bf4 Qxf3 20. Nxf3 Kf7
21. Re4 Rhe8 22. Ra4 Rb6 23. g3 Reb8 24. b3 Ra8 25. Kc2 Rbb8 26. Ra5 Rb5 27.
Ra4 Rbb8 28. c4 Nf5 29. Bd2 Re8 30. Re1 Bh6 31. Bc3 Rxe1 32. Bxe1 g5 33. Kd3
gxh4 34. gxh4 Bc1 35. Ba5 Ra7 36. Bc3 Nh6 37. a3 Ng4 38. Ke2 Ra8 39. Kf1 Kg6
40. b4 cxb4 41. axb4 Re8 42. Rxa6 Be3 43. Be1 Bb6 44. Ra2 Kf5 45. Rc2 Kf4 46.
Re2 Rg8 47. Rc2 Kxf3 48. Rc3+ Be3 49. Rxe3+ Nxe3+ 50. fxe3 Kxe3 51. c5 Kd4 52.
cxd6 cxd6 53. Ke2 Re8+ 0-1

[Event "II Festival Magistrale"]
[Site "Amantea ITA"]
[Date "1992.09.??"]
[Round "6"]
[White "Levitt, Jonathan Paul"]
[Black "Godena, Michele"]
[Result "1/2-1/2"]
[WhiteElo "2455"]
[BlackElo "2435"]
[PlyCount "83"]
[EventDate "1992.09.20"]

1. d4 d5 2. Nf3 Bf5 3. c4 e6 4. Qb3 Nc6 5. Bd2 Rb8 6. e3 Nf6 7. cxd5 exd5 8.
Nc3 Be7 9. Be2 O-O 10. O-O a6 11. Rac1 Qd7 12. Rfd1 Rfd8 13. a3 Bd6 14. Be1 Ne4
15. Nxe4 Bxe4 16. Nd2 Bf5 17. Nf1 Bg4 18. f3 Be6 19. Qc3 Ne7 20. Bg3 c6 21.
Bxd6 Qxd6 22. Qc5 Qd7 23. b4 Nf5 24. a4 Nd6 25. Rd2 Qe7 26. Re1 h5 27. b5 cxb5
28. axb5 axb5 29. Bxb5 Rbc8 30. Qb4 Qg5 31. Bd3 h4 32. Kf2 Rc6 33. Rc2 Rxc2+
34. Bxc2 Rc8 35. Bd3 Rc6 36. Ra1 Bf5 37. Qd2 Bxd3 38. Qxd3 g6 39. Rb1 Kg7 40.
Nd2 Kf6 41. Kg1 Kg7 42. Kf2 1/2-1/2

[Event "II Festival Magistrale"]
[Site "Amantea ITA"]
[Date "1992.09.??"]
[Round "6"]
[White "Malaniuk, Vladimir P."]
[Black "Kosten, Anthony C."]
[Result "1/2-1/2"]
[WhiteElo "2540"]
[BlackElo "2515"]
[PlyCount "58"]
[EventDate "1992.09.20"]

1. d4 Nf6 2. Nf3 e6 3. e3 b6 4. Bd3 Bb7 5. O-O c5 6. c4 Be7 7. Nc3 d5 8. cxd5
exd5 9. b3 O-O 10. Bb2 Nbd7 11. Rc1 Ne4 12. Ne2 Bf6 13. Ng3 g6 14. Qe2 Re8 15.
Rfd1 Qe7 16. Ba6 Bxa6 17. Qxa6 Nf8 18. Ba3 Red8 19. dxc5 Nxc5 20. Qe2 Nfe6 21.
Bb2 Rac8 22. Ne5 Bg7 23. Nf3 Nf4 24. exf4 Qxe2 25. Nxe2 Bxb2 26. Rc2 Bf6 27.
Ne5 Ne6 28. Rcd2 d4 29. g3 Nc5 1/2-1/2

[Event "II Festival Magistrale"]
[Site "Amantea ITA"]
[Date "1992.09.??"]
[Round "7"]
[White "Sarno, Spartaco"]
[Black "Fedorov, Vladislav"]
[Result "1-0"]
[WhiteElo "2430"]
[BlackElo "2405"]
[PlyCount "81"]
[EventDate "1992.09.20"]

1. d4 Nf6 2. c4 e6 3. Nf3 c5 4. d5 d6 5. Nc3 exd5 6. cxd5 g6 7. h3 a6 8. a4 Qe7
9. Nd2 Nbd7 10. e4 Nh5 11. Nc4 Ne5 12. Nb6 Rb8 13. Be2 Nf6 14. O-O Bg7 15. f4
Ned7 16. Nc4 O-O 17. e5 Ne8 18. Ne4 dxe5 19. f5 gxf5 20. Rxf5 Nb6 21. d6 Qd8
22. Rh5 Be6 23. Nxe5 Bd5 24. Bf3 f5 25. Bg5 fxe4 26. Bxd8 Rxd8 27. Bxe4 Bxe4
28. Qb3+ Nd5 29. Re1 Nxd6 30. Nc4 Nxc4 31. Qxc4 Bd4+ 32. Kh1 b5 33. Qa2 Bxg2+
34. Kxg2 Rf2+ 35. Kh1 Rxb2 36. Rg5+ Kf7 37. Qa3 Nb4 38. Qf3+ Bf6 39. Qh5+ Kf8
40. Qh6+ Kf7 41. Qxh7+ 1-0

[Event "II Festival Magistrale"]
[Site "Amantea ITA"]
[Date "1992.09.??"]
[Round "8"]
[White "Mantovani, Renzo"]
[Black "Palac, Mladen"]
[Result "0-1"]
[WhiteElo "2340"]
[BlackElo "2505"]
[PlyCount "82"]
[EventDate "1992.09.20"]

1. e4 c5 2. Nf3 d6 3. d4 cxd4 4. Nxd4 Nf6 5. Nc3 a6 6. a4 Nc6 7. Be2 e6 8. O-O
Be7 9. Be3 O-O 10. f4 Qc7 11. Kh1 Re8 12. Bf3 Rb8 13. Qe1 Nxd4 14. Bxd4 e5 15.
Ba7 Ra8 16. Be3 Be6 17. f5 Bc4 18. Rg1 d5 19. Bg5 d4 20. Nd1 a5 21. Bd2 Nd7 22.
b3 Ba6 23. c4 Qb6 24. Rb1 Bxc4 25. Nf2 Ba6 26. Bxa5 Qd6 27. Bd2 b5 28. b4 bxa4
29. b5 Bb7 30. Bb4 Qb6 31. Nd3 a3 32. Bxe7 Rxe7 33. Qb4 Ree8 34. Ra1 Qa5 35.
Qd6 Qxb5 36. Rxa3 Rxa3 37. Qxa3 Ra8 38. Qb4 Qxb4 39. Nxb4 Nc5 40. Nd5 Bxd5 41.
exd5 e4 0-1